Donda Or DONDA 2? - Statistics

General Stats
  • This quiz has been taken 28 times
  • The average score is 16 of 16
Answer Stats
Question Answer % Correct
Off The Grid Donda
100%
Junya Donda
100%
Moon Donda
100%
Hurricane Donda
100%
We Did It DONDA 2
100%
First Time In A Long Time DONDA 2
100%
Burn Everything DONDA 2
100%
Remote Control Donda
96%
Jail Donda
96%
Ok Ok Donda
96%
Security DONDA 2
96%
Louie Bags DONDA 2
96%
530 DONDA 2
96%
True Love DONDA 2
96%
Heaven And Hell Donda
92%
Pablo DONDA 2
88%
No matching quizzes found
Score Distribution
Percent of People with Each Score
Percentile by Number Answered
Your Score History
You have not taken this quiz